000 00288nam a2200109Ia 4500
008 200302s9999 xx 000 0 und d
100 _aA. K. Jain and Other
245 _aSmart Cities Vision and Action
260 _bDiscovery Publishing House Pvt. Ltd.
260 _c2015
300 _a414 P.,
999 _c5387
_d5387